000 00383nam a22001457a 4500
003 SGT
082 _a617
_bE21Y
100 _aYADAV, DEV
245 _aEvaluation of Efficacy of Silodosin versus Silodosin with Deflazacort in Expulsion of lower Ureteric Calculi
260 _aGURUGRAM
_bSGT UNIVERSITY
_c2021
300 _a79
650 _aSURGERY
653 _aM.S
942 _2ddc
_cTH
999 _c26501
_d26501